| 000 | 00437nam a22001697a 4500 | ||
|---|---|---|---|
| 005 | 20231106140158.0 | ||
| 008 | 231106b |||||||| |||| 00| 0 eng d | ||
| 020 | _a978-93-272-2797-0 | ||
| 041 | _aeng | ||
| 082 | _a632.9 | ||
| 100 |
_aDHALIWAL, G.S AND OTHERS _98232 |
||
| 245 | _aA TEXTBOOK OF INTEGRATED PEST MANAGEMENT | ||
| 260 |
_aLUDHIYANA _bKALYANI PUBLISHERS _c2013 |
||
| 300 | _a617;p | ||
| 650 | _aAGRICULTURE | ||
| 942 | _cBK | ||
| 999 |
_c8457 _d8455 |
||